00784cam a2200229u 450000100060000000300080000600500170001400800390003103500190007004000330008904100080012208200210013010000200015124501060017126000600027730000310033765000330036865000270040183000290042870000340045783000630049115856BD-RjUL20211208235910.0140211t1965 enka 000 0 eng a(BD-RjUL)15911 aDLCcCarPdDLCdBD-RjULbeng aeng04a658.99bHIC 19651 aHiggin, Gurth. 10aCommunications in the building industry :bThe report of A pilot study /cGurth Higgin & Neil Jessop. aLondon :bTavistock Institute of Human Relations,c1965 a125 p :billus. ;c30 cm. 0aCommunication in management. 0aConstruction industry. 0vT.79. [from old catalog]1 aJessop, Neil, ejoint author. 0aTavistock Institute of Human Relations [London] Doc[ument]